000 00545nam a2200193Ia 4500
005 20250326145446.0
008 250326s9999 xx 000 0 und d
037 _aTextbook
040 _aFMSL
_beng
_cFMSL
041 _aeng
_2eng
084 _qFMSL
100 _aFrunza M C
_9751198
245 0 _aIntroduction to theories and varieties of modern crime in ficial markets.
_cFrunza M C
260 _aNew Delhi
_bNew Delhi, AP
_c2016
365 _b6871.5600000000004
650 _aManagement
942 _cTB
999 _c1307648
_d1307648